<?xml version="1.0" encoding="UTF-8"?>
<collection xmlns="http://www.loc.gov/MARC21/slim">
 <record>
  <leader>01824pam a22003618a 4500</leader>
  <controlfield tag="001">00033573</controlfield>
  <controlfield tag="005">20190328080351.0</controlfield>
  <controlfield tag="008">150923s2015                  ||||||viesd</controlfield>
  <datafield tag="020" ind1="#" ind2="#">
   <subfield code="c">390000</subfield>
   <subfield code="a">9786045426623</subfield>
  </datafield>
  <datafield tag="041" ind1="0" ind2="#">
   <subfield code="a">vie</subfield>
  </datafield>
  <datafield tag="082" ind1="1" ind2="4">
   <subfield code="a">507.1</subfield>
   <subfield code="b">D112H</subfield>
  </datafield>
  <datafield tag="245" ind1="1" ind2="0">
   <subfield code="a">Dạy học tích hợp phát triển năng lực học sinh</subfield>
   <subfield code="c">Đỗ Hương Trà (ch.b.), Nguyễn Văn Biên, Trần Khánh Ngọc..[và những người khác]</subfield>
   <subfield code="n">Quyển 1</subfield>
   <subfield code="p">Khoa học tự nhiên</subfield>
  </datafield>
  <datafield tag="260" ind1="#" ind2="#">
   <subfield code="a">Hà Nội</subfield>
   <subfield code="b">Đại học sư phạm</subfield>
   <subfield code="c">2015</subfield>
  </datafield>
  <datafield tag="300" ind1="#" ind2="#">
   <subfield code="a">344 tr.</subfield>
   <subfield code="c">27 cm.</subfield>
   <subfield code="b">minh họa</subfield>
  </datafield>
  <datafield tag="500" ind1="#" ind2="#">
   <subfield code="a">Đầu bìa sách ghi: Trường Đại học Sư phạm Hà Nội</subfield>
  </datafield>
  <datafield tag="504" ind1="#" ind2="#">
   <subfield code="a">Thư mục: tr. 343</subfield>
  </datafield>
  <datafield tag="653" ind1="#" ind2="#">
   <subfield code="a">Phương pháp giảng dạy</subfield>
  </datafield>
  <datafield tag="653" ind1="#" ind2="#">
   <subfield code="a">Khoa học tự nhiên</subfield>
  </datafield>
  <datafield tag="653" ind1="#" ind2="#">
   <subfield code="a">Dạy tích hợp</subfield>
  </datafield>
  <datafield tag="653" ind1="#" ind2="#">
   <subfield code="a">Trường phổ thông</subfield>
  </datafield>
  <datafield tag="700" ind1="1" ind2="#">
   <subfield code="a">Nguyễn ,Văn Biên</subfield>
  </datafield>
  <datafield tag="700" ind1="1" ind2="#">
   <subfield code="a">Nguyễn, Công Khanh</subfield>
  </datafield>
  <datafield tag="700" ind1="1" ind2="#">
   <subfield code="a">Nguyễn, Vũ Bích Hiền</subfield>
  </datafield>
  <datafield tag="700" ind1="1" ind2="#">
   <subfield code="a">Trần, Khánh Ngọc</subfield>
  </datafield>
  <datafield tag="700" ind1="1" ind2="#">
   <subfield code="a">Trần, Thị Thanh Thủy</subfield>
  </datafield>
  <datafield tag="700" ind1="1" ind2="#">
   <subfield code="a">Trần, Trung Ninh</subfield>
  </datafield>
  <datafield tag="700" ind1="1" ind2="#">
   <subfield code="a">Đỗ, Hương Trà</subfield>
   <subfield code="e">Chủ biên</subfield>
  </datafield>
  <datafield tag="852" ind1="#" ind2="#">
   <subfield code="b">Kho giáo trình</subfield>
   <subfield code="j">KGT.0049541, KGT.0049806, KGT.0049550, KGT.0049551, KGT.0049916</subfield>
  </datafield>
  <datafield tag="852" ind1="#" ind2="#">
   <subfield code="b">Kho mượn</subfield>
   <subfield code="j">KGT.0049916, KGT.004916, KGT.0051397, KGT.0051398, KGT.0051399, KGT.0051400, KGT.0051401, KGT.0051402, KGT.0051403, KGT.0051490</subfield>
  </datafield>
  <datafield tag="852" ind1="#" ind2="#">
   <subfield code="b">Kho đọc</subfield>
   <subfield code="j">KD.0017239</subfield>
  </datafield>
  <datafield tag="852" ind1="#" ind2="#">
   <subfield code="j">KGT.0049541</subfield>
   <subfield code="j">KGT.0049550</subfield>
   <subfield code="j">KGT.0051397</subfield>
   <subfield code="j">KGT.0051398</subfield>
   <subfield code="j">KGT.0051400</subfield>
   <subfield code="j">KGT.0051401</subfield>
   <subfield code="j">KD.0017239</subfield>
   <subfield code="j">KGT.0051399</subfield>
   <subfield code="j">KGT.0051402</subfield>
   <subfield code="j">KGT.0051403</subfield>
   <subfield code="j">KGT.0051490</subfield>
   <subfield code="j">KGT.0049551</subfield>
   <subfield code="j">KGT.0049806</subfield>
   <subfield code="j">KGT.0049916</subfield>
  </datafield>
  <datafield tag="910" ind1="0" ind2="#">
   <subfield code="d">23/9</subfield>
   <subfield code="a">kchi</subfield>
   <subfield code="e">nhnam</subfield>
   <subfield code="f">28/03/2019</subfield>
  </datafield>
  <datafield tag="980" ind1="#" ind2="#">
   <subfield code="a">Trung tâm Học liệu Lê Vũ Hùng, Trường Đại học Đồng Tháp</subfield>
  </datafield>
 </record>
</collection>
